Artesanía del Valle de Colchagua, Chile
Saved in:
| Main Authors: | , |
|---|---|
| Format: | Book |
| Language: | Spanish |
| Published: |
Rancagua
ArtesaníaColchagua
2018
|
| Edition: | 1a. ed |
| Subjects: | |
| Tags: |
Add Tag
No Tags, Be the first to tag this record!
|
MARC
| LEADER | 00000cam a2200000 a 4500 | ||
|---|---|---|---|
| 001 | UCC5511 | ||
| 003 | CL-VaPUC | ||
| 008 | 181012e20180000cl |||||||||||||||||spa|d | ||
| 082 | 0 | 4 | |a 745.5 |b HOT |2 21 |
| 100 | 0 | |a Hott, Sofía |e author |9 599810 | |
| 700 | 0 | |a Schatzke, Rocío |e author |9 599811 | |
| 245 | 1 | 0 | |a Artesanía del Valle de Colchagua, Chile |
| 250 | |a 1a. ed | ||
| 300 | |a 86 p | ||
| 942 | |c BK | ||
| 945 | |d 20181012 13:26:00 |a dcastane | ||
| 260 | |a Rancagua |b ArtesaníaColchagua |c 2018 | ||
| 650 | 0 | |a Artesanías |9 266634 | |
| 650 | 0 | |a Arte folclórico |9 266990 | |
| 583 | |a last modification |c 20181012 13:26:00 |k Rodrigo Vera | ||
| 999 | |c 372706 |d 372704 | ||
| 952 | |0 0 |1 0 |3 erb |4 0 |6 745_500000000000000_HOT_2018 |7 0 |8 A |9 490448 |a BIBARQ |b BIBARQ |i 550614K |o 745.5 HOT 2018 |p 550614K |r 2025-01-20 |w 2019-11-24 |y BK |z Catalogado en:20181012 |k ARQ | ||